000
00217nam a22000857a 4500
008
170221b xxu||||| |||| 00| 0 eng d
100
_9
2933
_a
Wancho.I.C.
245
_a
History our part-II-VII
260
_a
New Delhi
_b
APC
_c
2009
999
_c
6174
_d
6174